Statistics for Island to Capital City

Click here to take the quiz!

General Stats

  • This quiz has been taken 50 times
  • The average score is 16 of 24

Answer Stats

IslandCapital% Correct
CubaHavana
100%
IcelandReykjavík
100%
TaiwanTaipei
100%
JamaicaKingston
96%
CyprusNicosia
92%
TasmaniaHobart
88%
Puerto RicoSan Juan
81%
MadagascarAntananarivo
77%
GreenlandNuuk
77%
SicilyPalermo
77%
HokkaidoSapporo
77%
Sri LankaSri Jayawardenepura Kotte
73%
Isle of ManDouglas
65%
CorsicaAjaccio
62%
SardiniaCagliari
62%
CreteHeraklion
62%
Prince Edward IslandCharlottetown
50%
CuraçaoWillemstad
46%
JerseySt Helier
38%
GotlandVisby
35%
GuamHagåtña
31%
ArubaOranjestad
31%
HainanHaikou
23%
SakhalinYuzhno-Sakhalinsk
23%

Score Distribution

Percentile by Number Answered

Percent of People with Each Score

Your Score History

You have not taken this quiz